Projektovaná jednotka zásluhovosti a jej využitie pri zostavení účtovnej závierky podľa IAS 19 bakalárska práca

Guardado en:
Detalles Bibliográficos
Autor principal: Visnyeiová, Lucia
Autor Corporativo: Fakulta hospodárskej informatiky EU. Katedra účtovníctva a audítorstva
Otros Autores: Števková, Lucia
Formato: Libro
Lenguaje:eslovaco
Publicado: Bratislava 2011
Etiquetas: Agregar Etiqueta
Sin Etiquetas, Sea el primero en etiquetar este registro!

MARC

LEADER 00000nbm a2200000 4500
001 0141241
005 20161109111744.7
041 0 |a slo 
044 |a SK 
245 1 0 |a Projektovaná jednotka zásluhovosti a jej využitie pri zostavení účtovnej závierky podľa IAS 19  |b bakalárska práca  |c Lucia Visnyeiová ; školiteľ: Lucia Števková 
264 1 |a Bratislava  |c 2011 
300 |a 46 s. 
100 1 |a Visnyeiová, Lucia 
700 1 |a Števková, Lucia 
710 2 |a Fakulta hospodárskej informatiky EU. Katedra účtovníctva a audítorstva